The natural origins of economics (Record no. 534)
[ view plain ]
| 000 -LEADER | |
|---|---|
| fixed length control field | 01454nam a22003134a 4500 |
| 082 04 - DEWEY DECIMAL CLASSIFICATION NUMBER | |
| Classification number | 330.1 |
| 100 1# - MAIN ENTRY--AUTHOR NAME | |
| Personal name | Schabas, Margaret, |
| 245 14 - TITLE STATEMENT | |
| Title | The natural origins of economics |
| 260 ## - PUBLICATION, DISTRIBUTION, ETC. (IMPRINT) | |
| Place of publication | Chicago : |
| Name of publisher | University of Chicago Press, |
| Year of publication | c2005. |
| 300 ## - PHYSICAL DESCRIPTION | |
| Number of Pages | xi, 231 p. ; |
| 505 0# - FORMATTED CONTENTS NOTE | |
| Formatted contents note | Before "the economy" -- Related themes in the natural sciences -- French economics in the enlightenment -- Hume's political economy -- Smith's debts to nature -- Classical political economy in its heyday -- Mill and the early neoclassical economists -- Denaturalizing the economic order. |
| 650 #0 - SUBJECT ADDED ENTRY--TOPICAL TERM | |
| Topical Term | Economics. |
| Topical Term | Science. |
| 856 40 - ELECTRONIC LOCATION AND ACCESS | |
| Uniform Resource Identifier | http://site.ebrary.com/lib/rucke/Doc?id=10288708 |
No items available.
